书目信息 |
| 题名: |
建筑表现艺术 2
|
|
| 作者: | Gordon Grice 著 | |
| 分册: | ||
| 出版信息: | 天津 天津大学出版社 1999.03 |
|
| 页数: | 239页 | |
| 开本: | 16开 | |
| 丛书名: | ||
| 单 册: | ||
| 中图分类: | ||
| 科图分类: | ||
| 主题词: | 建筑设计 | |
| 电子资源: | ||
| ISBN: | 7-5618-1147-0 | |
| 000 | 00574nam0 2200205 45 | |
| 001 | 9911031604 | |
| 005 | 20001020151820.8 | |
| 010 | @a7-5618-1147-0@d158.00元 | |
| 100 | @a19991103d1999 km y0chiy0120 ea | |
| 101 | @achi | |
| 105 | @a z 000yy | |
| 200 | 1 | @a建筑表现艺术 2@AJian Zhu Biao Xian Yi Shu 2@fGordon Grice著@FGordon Grice Zhu |
| 210 | @a天津@c天津大学出版社@d1999.03 | |
| 215 | @a239页@d16开 | |
| 606 | 0 | @a建筑设计 |
| 690 | @v3 | |
| 690 | @aTU204@v3 | |
| 701 | @aGordon Grice@4著 | |
| 801 | @aCN@bPFTUser@c19991103 | |
| 905 | @dTU204@eG767:2@b178790-792@f3 | |
| 建筑表现艺术 2/Gordon Grice著.-天津:天津大学出版社,1999.03 |
| 239页;16开 |
| ISBN 7-5618-1147-0:158.00元 |
| ● |
| 相关链接 |
|
|
|
正题名:建筑表现艺术2
索取号:TU204/G767:2
 
预约/预借
| 序号 | 登录号 | 条形码 | 馆藏地/架位号 | 状态 | 备注 |
| 1 | 178790 | 201787904 | 建筑库101/101建筑库 108排2列4层/ [索取号:TU204/G767:2] | 在馆 | |
| 2 | 178791 | 201787913 | 建筑库101/101建筑库 108排2列5层/ [索取号:TU204/G767:2] | 在馆 | |
| 3 | 178792 | 201787922 | 建筑库101/101建筑库 108排2列4层/ [索取号:TU204/G767:2] | 在馆 |